| 000 | 00546nam a2200181Ia 4500 | ||
|---|---|---|---|
| 003 | GCL | ||
| 008 | 140319s9999 xx 000 0 ara d | ||
| 040 |
_aGCL / _cGCL |
||
| 082 | 0 | 4 |
_a414.3 _bم م |
| 100 | 1 | _aمحمد احمد ابوالفرج | |
| 245 | 1 | 0 |
_aالمعاجم اللغوية فى ضوء دراسات علم اللغة الحديثة / _cمحمد احمد ابوالفرج |
| 300 | _a147 ص | ||
| 490 | _a | ||
| 650 | 0 | 4 | _aاللغة العربية |
| 650 | 0 | 4 | _aعلم اللغة |
| 650 | 0 | 4 | _aالمعاجم |
| 942 |
_2ddc _cBK |
||
| 999 |
_c41063 _d41063 |
||